Statystyki dla Państwa ze stolicą o tej samej nazwie - dla Kolegi Ignacego

Kliknij tutaj aby rozwiązać quiz!

Ogólne statystyki

  • Ten quiz został rozwiązany 829 razy
  • Średni wynik to 9 z 17

Statystyki odpowiedzi

KontynentPaństwo - Stolica% Poprawnych
EuropaWatykan - Watykan
89%
EuropaSan Marino - San Marino
85%
EuropaLuksemburg - Luksemburg
83%
EuropaAndora - Andora
82%
Ameryka PółnocnaMeksyk - Meksyk
79%
EuropaMonako - Monako
79%
Ameryka PołudniowaBrazylia - Brasília
69%
Ameryka PółnocnaPanama - Panama
59%
Ameryka PółnocnaGwatemala - Gwatemala
47%
Ameryka PółnocnaSalwador - San Salvador
44%
AzjaSingapur - Singapur
42%
AfrykaAlgieria - Algier
34%
AfrykaTunezja - Tunis
30%
AzjaKuwejt - Kuwejt
29%
AfrykaGwinea Bissau - Bissau
28%
AfrykaDżibuti - Dżibuti
27%
AfrykaWyspy Świętego Tomasza i Książęca - São Tomé
12%

Rozkład punktacji

Percentyl według liczby udzielonych odpowiedzi

Procent ludzi z każdym wynikiem

Twoja historia wyników

Nie rozwiązałeś tego quizu